00398nam a2200145Ia 4500003000400000008004100004040001600045082001600061100001700077245005600094700002200150260004200172650002000214650001800234GCL140319s9999 xx 000 0 eng d aGCL / cGCL04a746.46bA A1 aADLER, PETER10aA SAFO: AFRICAN FLAGS OF THE FANTE / cADLER, PETER1 aBARNARD, NICHOLAS a[S.N] : bTHAMES AND HUDSON ، c199304aAFRICAN TEXTILE04aAFRICAN FLAGS